000 00563nam a2200169 i 4500
001 76935
003 ES-MaACL
005 20230906173027.0
007 t|
008 041006s1964 sp ||||1| spa d
100 1 _aGunkel, Theo.
_960954
245 1 3 _aEl pan de la palabra
_b: homilias para todos los domingos y principales fiestas del año /
_cTheo Gunkel ; [versión castellano de Daniel Ruiz Bueno].
260 _aBarcelona :
_bHerder,
_c1964.
300 _a360 p. ;
_c22 cm.
700 1 _aRuiz Bueno, Daniel.
_9100677
852 _aES-MaACL
_jC-25831
_bR.54602
999 _c76935
_d76935